|
|
|
|
| LEADER |
01377nam a2200361 a 4500 |
| 001 |
EBC1120203 |
| 003 |
MiAaPQ |
| 005 |
20200520144314.0 |
| 006 |
m o d | |
| 007 |
cr cn||||||||| |
| 008 |
130304s2012 mdud sb 001 0 eng d |
| 020 |
|
|
|z 9780739171158
|
| 020 |
|
|
|a 9780739171165 (electronic bk.)
|
| 035 |
|
|
|a (MiAaPQ)EBC1120203
|
| 035 |
|
|
|a (Au-PeEL)EBL1120203
|
| 035 |
|
|
|a (CaPaEBR)ebr10655638
|
| 035 |
|
|
|a (CaONFJC)MIL436299
|
| 035 |
|
|
|a (OCoLC)851970529
|
| 040 |
|
|
|a MiAaPQ
|c MiAaPQ
|d MiAaPQ
|
| 043 |
|
|
|a n-us---
|
| 050 |
|
4 |
|a HF1455
|b .C55 2013
|
| 100 |
1 |
|
|a Clingan, Edmund.
|
| 245 |
1 |
0 |
|a Twilight's last gleaming
|h [electronic resource] :
|b American hegemony and dominance in the modern world /
|c Edmund Clingan.
|
| 260 |
|
|
|a Lanham [Md.] :
|b Lexington Books,
|c 2012.
|
| 300 |
|
|
|a xi, 151 p. :
|b ill.
|
| 504 |
|
|
|a Includes bibliographical references and index.
|
| 533 |
|
|
|a Electronic reproduction. Ann Arbor, MI : ProQuest, 2015. Available via World Wide Web. Access may be limited to ProQuest affiliated libraries.
|
| 651 |
|
0 |
|a United States
|x Foreign economic relations.
|
| 651 |
|
0 |
|a United States
|x Economic conditions.
|
| 651 |
|
0 |
|a United States
|x Military relations.
|
| 655 |
|
4 |
|a Electronic books.
|
| 710 |
2 |
|
|a ProQuest (Firm)
|
| 856 |
4 |
0 |
|u https://ebookcentral.proquest.com/lib/matrademy/detail.action?docID=1120203
|z Click to View
|